[Event "Tatarstan-ch"]
[Site "Kazan"]
[Date "2016.09.23"]
[Round "8"]
[White "Akhmetgaleev, Adel"]
[Black "Shkuro, Alexandr"]
[Result "1-0"]
[WhiteElo "1802"]
[BlackElo "2019"]
[PlyCount "75"]
[EventDate "2016.09.16"]
[EventType "swiss"]
[EventRounds "9"]
[EventCountry "RUS"]
[SourceTitle "CBM 174 Extra"]
[Source "ChessBase"]
[SourceDate "2016.10.10"]
[SourceVersion "1"]
[SourceVersionDate "2016.10.10"]
[SourceQuality "1"]

1. e4 e6 2. d3 d5 3. Nd2 c5 4. Ngf3 Nc6 5. g3 g6 6. Bg2 Bg7 7. 0-0 Nge7 8. Re1 0-0 9. e5 b6 10. Nf1 Qc7 11. Qe2 Ba6 12. Bf4 d4 13. h4 Rac8 14. N1h2 Nd5 15. h5 Nxf4 16. gxf4 Ne7 17. Ng5 h6 18. Ne4 Nf5 19. Ng4 c4 20. Ngf6+ Bxf6 21. Nxf6+ Kg7 22. Rad1 cxd3 23. cxd3 Bb7 24. Be4 Rfd8 25. Qg4 Qe7 26. Kh2 Rc2 27. Re2 Rxe2 28. Qxe2 Rc8 29. Rg1 Qc7 30. Qg4 Ne7 31. hxg6 Bxe4 32. gxf7+ Bg6 33. Qxe6 Qc2 34. Ne4 Kf8 35. Rxg6 Nxg6 36. Qxg6 Qc1 37. Qxh6+ Kxf7 38. Nd6+ 1-0

[Event "Tatarstan-ch"]
[Site "Kazan"]
[Date "2016.09.19"]
[Round "4"]
[White "Akhmetgaleev, Adel"]
[Black "Garafutdinov, Ainur"]
[Result "1/2-1/2"]
[WhiteElo "1802"]
[BlackElo "2108"]
[PlyCount "113"]
[EventDate "2016.09.16"]
[EventType "swiss"]
[EventRounds "9"]
[EventCountry "RUS"]
[SourceTitle "CBM 174 Extra"]
[Source "ChessBase"]
[SourceDate "2016.10.10"]
[SourceVersion "1"]
[SourceVersionDate "2016.10.10"]
[SourceQuality "1"]

1. e4 e5 2. Nf3 Nc6 3. d4 exd4 4. Nxd4 Bc5 5. Nxc6 Qf6 6. Qf3 dxc6 7. Bc4 Qxf3 8. gxf3 Be6 9. Bxe6 fxe6 10. Be3 Bd6 11. h4 Nf6 12. h5 0-0 13. Nd2 Nd7 14. Ke2 Rf7 15. Rag1 e5 16. Nf1 Raf8 17. Ng3 Kh8 18. Nf5 Rd8 19. Bg5 Re8 20. Rd1 Bf8 21. Be3 b6 22. Rd2 Nf6 23. Bg5 Be7 24. Bxf6 Bxf6 25. Rhd1 Kg8 26. Rd7 Ref8 27. Ne3 Rxd7 28. Rxd7 Rf7 29. Rd3 Kf8 30. Ng4 Ke7 31. f4 exf4 32. e5 Bg5 33. Kf3 Ke6 34. Ke4 Be7 35. f3 Rf5 36. Rd7 Rxh5 37. Rxc7 c5 38. Kxf4 Rh1 39. Rxa7 h5 40. Nf2 g5+ 41. Kg3 h4+ 42. Kg2 Rc1 43. Rb7 Bd8 44. f4 Rxc2 45. fxg5 h3+ 46. Kg3 h2 47. Rh7 Bxg5 48. Rxh2 Rxb2 49. Rh5 Bf4+ 50. Kf3 Rxa2 51. Nd3 Bh2 52. Rh6+ Kd5 53. Rxb6 Bxe5 54. Rb5 Bc3 55. Rxc5+ Kd4 56. Nc1 Ra3 57. Rc8 1/2-1/2

[Event "Tatarstan-ch"]
[Site "Kazan"]
[Date "2016.09.16"]
[Round "1"]
[White "Yandemirov, Valeri"]
[Black "Akhmetgaleev, Adel"]
[Result "1-0"]
[WhiteElo "2347"]
[BlackElo "1802"]
[PlyCount "57"]
[EventDate "2016.09.16"]
[EventType "swiss"]
[EventRounds "9"]
[EventCountry "RUS"]
[SourceTitle "CBM 174 Extra"]
[Source "ChessBase"]
[SourceDate "2016.10.10"]
[SourceVersion "1"]
[SourceVersionDate "2016.10.10"]
[SourceQuality "1"]

1. e4 e6 2. d4 d5 3. Nd2 dxe4 4. Nxe4 Nd7 5. Nf3 Ngf6 6. Nxf6+ Nxf6 7. c3 c5 8. Ne5 a6 9. Qa4+ Nd7 10. Be3 Bd6 11. Nc4 Qc7 12. Nxd6+ Qxd6 13. dxc5 Qc7 14. Be2 0-0 15. Qd4 e5 16. Qd6 Qxd6 17. cxd6 b6 18. 0-0 Bb7 19. Rfd1 Rac8 20. a4 f5 21. f3 Kf7 22. a5 b5 23. c4 bxc4 24. Ra4 c3 25. Rb4 Bc6 26. Bxa6 Ra8 27. Bc4+ Kf6 28. a6 cxb2 29. a7 1-0